[Event "Wch U14 Girls"]
[Site "Montesilvano"]
[Date "2023.11.22"]
[Round "9"]
[White "Mohd Afif, Ainul Mardhiah"]
[Black "Qi, Jenny"]
[Result "1-0"]
[WhiteElo "1478"]
[BlackElo "1737"]
[PlyCount "125"]
[EventDate "2023.11.13"]
[EventType "swiss"]
[EventRounds "11"]
[EventCountry "ITA"]
[SourceTitle "CB48_2023"]
[SourceDate "2023.11.29"]
[SourceVersion "1"]
[SourceVersionDate "2023.11.29"]
[SourceQuality "1"]

1. c4 e6 2. g3 d5 3. Bg2 dxc4 4. Qa4+ Nd7 5. Qxc4 a6 6. d4 Ngf6 7. Nc3 Be7 8. Qb3 c6 9. e4 Qb6 10. Qd1 0-0 11. Nge2 e5 12. 0-0 exd4 13. Nxd4 Ne5 14. Nf5 Bxf5 15. exf5 Neg4 16. h3 Nxf2 17. Rxf2 Bc5 18. Qc2 Rfe8 19. Bg5 Rad8 20. Bxf6 gxf6 21. Ne4 Bxf2+ 22. Qxf2 Qxf2+ 23. Kxf2 Kg7 24. Rc1 Rd4 25. Ke3 Rb4 26. b3 Re5 27. g4 h5 28. Bf3 hxg4 29. hxg4 Ra5 30. Rc2 Re5 31. Kf4 Rd5 32. Ke3 Re5 33. Rc3 Ra5 34. Rc2 Re5 35. Rg2 Kh6 36. Kd3 Kg7 37. g5 fxg5 38. Rxg5+ Kf8 39. Nc3 Rf4 40. Be4 f6 41. Rh5 Kg7 42. Rh2 Rg4 43. Re2 Kh6 44. Nd1 Kg7 45. Re3 Rf4 46. Nc3 Rg4 47. Ne2 Ra5 48. a4 Re5 49. Nd4 Kg8 50. b4 a5 51. Nf3 Re8 52. b5 c5 53. Nd2 b6 54. Nc4 Rd8+ 55. Kc3 Rb8 56. Bd5+ Kf8 57. Re6 Rg3+ 58. Kc2 Kg7 59. Re7+ Kh6 60. Rf7 Kg5 61. Nd6 Kf4 62. Rd7 Re8 63. Nxe8 1-0

[Event "Wch U14 Girls"]
[Site "Montesilvano"]
[Date "2023.11.16"]
[Round "4"]
[White "Qi, Jenny"]
[Black "Dimatangihan, Anica Shey"]
[Result "1-0"]
[WhiteElo "1737"]
[BlackElo "1091"]
[PlyCount "131"]
[EventDate "2023.11.13"]
[EventType "swiss"]
[EventRounds "11"]
[EventCountry "ITA"]
[SourceTitle "CB48_2023"]
[SourceDate "2023.11.29"]
[SourceVersion "1"]
[SourceVersionDate "2023.11.29"]
[SourceQuality "1"]

1. e4 e5 2. Nf3 Nc6 3. Bb5 Nf6 4. d3 Bc5 5. c3 d6 6. 0-0 0-0 7. Ba4 h6 8. Nbd2 a6 9. Re1 b5 10. Bc2 Bb6 11. Nf1 Na5 12. Ng3 c5 13. d4 exd4 14. cxd4 Bg4 15. d5 Qc7 16. h3 Bxf3 17. Qxf3 Nc4 18. Nf5 Ne5 19. Qg3 Ng6 20. Qxd6 Qxd6 21. Nxd6 Rad8 22. Nf5 Rfe8 23. Bd2 Ne5 24. Rad1 c4 25. Bc3 b4 26. Bxb4 Nd3 27. Bxd3 cxd3 28. Be7 Rc8 29. Bxf6 gxf6 30. Nd6 d2 31. Rxd2 Ba5 32. Nxe8 Bxd2 33. Nxf6+ Kg7 34. Rd1 Rc1 35. Rxc1 Bxc1 36. Ne8+ Kf8 37. Nc7 a5 38. b3 Ke7 39. Na8 Kd6 40. Nb6 Bg5 41. Nc4+ Kc5 42. Nxa5 Kd4 43. f3 Kc3 44. Nc6 Bf4 45. e5 Be3+ 46. Kf1 Kb2 47. d6 Kxa2 48. d7 Bb6 49. d8Q Bxd8 50. Nxd8 Kxb3 51. Nxf7 Kc4 52. e6 Kd3 53. e7 Ke3 54. e8Q+ Kd4 55. Qe5+ Kc4 56. Nd6+ Kd3 57. Qd5+ Kc3 58. Ne4+ Kb4 59. Qc5+ Kb3 60. Qc3+ Ka4 61. Qb2 Ka5 62. Ke2 h5 63. Kd3 h4 64. Kc4 Ka6 65. Nc5+ Ka7 66. Qb7# 1-0

[Event "NZL-ch U18 op"]
[Site "Wellington"]
[Date "2023.01.09"]
[Round "7"]
[White "Qi, Jenny"]
[Black "Van der Hoorn, Thomas"]
[Result "0-1"]
[WhiteElo "1556"]
[BlackElo "2068"]
[PlyCount "58"]
[EventDate "2023.01.02"]
[EventType "swiss"]
[EventRounds "7"]
[EventCountry "NZL"]
[SourceTitle "CBM 212 Extra"]
[Source "ChessBase"]
[SourceDate "2023.03.31"]
[SourceVersion "1"]
[SourceVersionDate "2023.03.31"]
[SourceQuality "1"]

1. e4 e5 2. Nf3 Nf6 3. Nxe5 Nc6 4. Nxc6 dxc6 5. d3 Bc5 6. Be2 h5 7. c3 Ng4 8. d4 Be7 9. h3 Nf6 10. e5 Nd5 11. Bxh5 Bf5 12. Bf3 Qd7 13. Qe2 0-0-0 14. Be3 Kb8 15. Nd2 f6 16. Bxd5 Qxd5 17. Qf3 Qe6 18. exf6 Bxf6 19. 0-0-0 Bg6 20. Nb3 a5 21. Bf4 Qf5 22. Bxc7+ Kxc7 23. Qxf5 Bxf5 24. Nxa5 Bg5+ 25. Rd2 Ra8 26. Nb3 Rxa2 27. Rhd1 Rha8 28. h4 Ra1+ 29. Nxa1 Rxa1# 0-1

[Event "NZL-ch op-B 130th"]
[Site "Wellington"]
[Date "2023.01.08"]
[Round "7"]
[White "Hunt, Liam"]
[Black "Qi, Jenny"]
[Result "0-1"]
[WhiteElo "1673"]
[BlackElo "1556"]
[PlyCount "88"]
[EventDate "2023.01.02"]
[EventType "swiss"]
[EventRounds "9"]
[EventCountry "NZL"]
[SourceTitle "CBM 212 Extra"]
[Source "ChessBase"]
[SourceDate "2023.03.31"]
[SourceVersion "1"]
[SourceVersionDate "2023.03.31"]
[SourceQuality "1"]

1. f4 d5 2. Nf3 g6 3. e3 Bg7 4. d4 Nf6 5. Bd3 0-0 6. 0-0 c5 7. c3 b6 8. Nbd2 Ba6 9. Bxa6 Nxa6 10. Ne5 Qc7 11. a3 Rac8 12. Ndf3 Ne8 13. Nd3 Nd6 14. Bd2 c4 15. Nb4 Nxb4 16. axb4 b5 17. Be1 Ra8 18. Bg3 Qb6 19. Nh4 f5 20. Nf3 Ne4 21. Bh4 Rfe8 22. Nd2 Nxd2 23. Qxd2 a5 24. bxa5 Rxa5 25. Rxa5 Qxa5 26. Qc1 Kf7 27. Qa1 Ra8 28. Qxa5 Rxa5 29. Rb1 Bf8 30. Be1 Ra2 31. Bd2 e6 32. h4 Ra4 33. Rc1 b4 34. cxb4 Bxb4 35. Bxb4 Rxb4 36. Rc2 Ke7 37. Kf2 Kd6 38. Ke2 Kc6 39. Kd2 Kb5 40. Kc1 Rb3 41. Rc3 Kb4 42. Kc2 Rxc3+ 43. bxc3+ Ka3 44. g3 h5 0-1